000 00675nam a2200253Ia 4500
003 OSt
005 20220918201152.0
006 a|||||r|||| 00| 0
007 ta
008 220917b |||||||| |||| 00| 0 eng d
024 _a92,133
037 _cTextual
040 _aARTS
_cARTS
_beng
041 _2eng
_aeng
082 _aV1:19(C9B3).N, M3
100 _aSegal Gerald
_997237
245 0 _aNuclear war and nuclear peace
260 _aLondon
_bMacmillan
_c1983
300 _axii, 162p.
_ccm.
500 _aBibliography p157--158
650 _aWORLD HISTORY
942 _hV1:19(C9B3).N, M3
_cTEXL
_2CC
999 _c215787
_d215787